00419nam a2200169Ia 4500003000400000008004100004040001600045082002100061100002100082245003800103260003900141300000800180650001500188650001300203650001000216650002300226GCL140319s9999 xx 000 0 eng d aGCL / cGCL04aCHb823.087bD O1 aDICKENS, CHARLES10aOLIVER TWIST / cDICKENS, CHARLES a[S.N] : bPETER HODDOCK PUBLISHING a18804aLITERATURE04aCHILDREN04aTALES04aCHILDREN - STORIES